000 00373nam a2200145Ia 4500
008 230917s9999||||xx |||||||||||||| ||und||
040 _e44667
_aMAIN
041 _aEnglish
082 _a338.10973 C848A
100 _aCramer, Gail L
245 0 _aAgricultural economics and anribusiness
260 _a5th
_bNew York
_cJohn Wiley and Sons
300 _a1991 p.
942 _cBK
999 _c83385
_d83385